000
00337nam a2200133Ia 4500
008
240624s9999 xx 000 0 und d
041
_a
eng
082
_a
920 LAR
100
_a
LARSEN KRISTINE
245
_a
STEPHEN HAWKING A BIOGRAPHY
260
_c
2010
_a
Mumbai
_b
Jaico Books
300
_a
xvii, : 165 : p. : cm. ; 24
365
_c
RS
_b
30
999
_c
16451
_d
16451